MATLAB; getting started with MATLAB (Record no. 301178)

000 -LEADER
fixed length control field 00360 a2200145 4500
001 - CONTROL NUMBER
control field 66105
082 ## - DEWEY DECIMAL CLASSIFICATION NUMBER
Classification number 519.402855369MAT
090 ## - LOCALLY ASSIGNED LC-TYPE CALL NUMBER (OCLC); LOCAL CALL NUMBER (RLIN)
-- 38410
-- 38410
100 ## - MAIN ENTRY--PERSONAL NAME
Personal name The Math Works Inc
245 ## - TITLE STATEMENT
Title MATLAB; getting started with MATLAB
260 ## - PUBLICATION, DISTRIBUTION, ETC.
Place of publication, distribution, etc. Natick, MA
Name of publisher, distributor, etc. The Math Works Inc
Date of publication, distribution, etc. 1996
300 ## - PHYSICAL DESCRIPTION
Extent 86 index
500 ## - GENERAL NOTE
General note MATLAB
740 ## - ADDED ENTRY--UNCONTROLLED RELATED/ANALYTICAL TITLE
Uncontrolled related/analytical title MATLAB
942 ## - ADDED ENTRY ELEMENTS (KOHA)
Institution code [OBSOLETE] NUST-CAE
Call number prefix 519.402855369MAT
Holdings
Withdrawn status Lost status Damaged status Not for loan Collection code Permanent Location Current Location Date acquired Total Checkouts Full call number Barcode Date last seen Price effective from Koha item type
          College of Aeronautical Engineering (CAE) College of Aeronautical Engineering (CAE) 04/03/2017   519.402855369MAT CAEN-318 04/05/2017 04/05/2017 Book
          College of Aeronautical Engineering (CAE) College of Aeronautical Engineering (CAE) 04/03/2017   519.402855369MAT CAEN-320 04/05/2017 04/05/2017 Book
          College of Aeronautical Engineering (CAE) College of Aeronautical Engineering (CAE) 04/03/2017   519.402855369MAT CAEN-319 04/05/2017 04/05/2017 Book
© 2023 Central Library, National University of Sciences and Technology. All Rights Reserved.